| 000 | 003890000a22001090004500 | ||
|---|---|---|---|
| 090 |
_aAS _bSeriadas |
||
| 245 | 1 | 0 | _aSolanum ser. simplicissima, nueva serie tuberifera de la Sect. petota (<Solanaceae>) |
| 041 | 0 | _aEspaƱol | |
| 100 | 1 |
_aOchoa, C. M. _999161 |
|
| 942 | _cARTICULO | ||
| 773 | 1 |
_tRevista de la Academia Colombiana de Ciencias Exactas, Fisicas y Naturales _332 _h65 _q321-323 _d1989 _g17 |
|
| 999 |
_c14240 _d14240 |
||